000
00338nam a2200145 4500
999
_c
9512
_d
9512
003
OSt
005
20210630120034.0
008
210630b ||||| |||| 00| 0 eng d
020
_a
9780486473321
082
_a
742
_b
VER
100
_a
Vredeman de Vries, Jan
245
_a
Studies in perspective
260
_a
NY
_b
Dover
_c
2010
942
_2
ddc